Statistics for Biggest Cities in Idaho

Click here to take the quiz!

General Stats

  • This quiz has been taken 4,290 times
    (1,782 since last reset)
  • The average score is 9 of 20

Answer Stats

PopulationCountyCity% Correct
237,446AdaBoise
100%
66,898BonnevilleIdaho Falls
78%
55,904KootenaiCoeur d'Alene
69%
106,186CanyonNampa
68%
57,092BannockPocatello
64%
53,213---- ----Twin Falls
63%
125,963AdaMeridian
61%
25,850LatahMoscow
47%
63,629CanyonCaldwell
43%
34,447Nez PerceLewiston
39%
32,100AdaEagle
36%
35,300MadisonRexburg
36%
42,610KootenaiPost Falls
34%
26,673AdaKuna
29%
16,235ElmoreMountain Home
29%
12,912AdaStar
25%
16,194KootenaiHayden
22%
12,555------Jerome
22%
15,842BannockChubbuck
19%
18,673BonnevilleAmmon
18%

Score Distribution

Percentile by Number Answered

Percent of People with Each Score

Your Score History

You have not taken this quiz since the last reset